| 000 | 00361nam a2200133Ia 4500 | ||
|---|---|---|---|
| 008 | 240624s9999 xx 000 0 und d | ||
| 041 | _aeng | ||
| 082 | _a658.8342 LEE | ||
| 100 | _aLEE BILL | ||
| 245 | _aHIDDEN WEALTH OF CUSTOMERS REALIZING THE | ||
| 260 |
_c2012 _aNew Delhi _bHarvard Business Review Press |
||
| 300 | _a222 : p. : cm. ; 24 | ||
| 365 |
_cRS _b38 |
||
| 999 |
_c28270 _d28270 |
||